[Event "Santiago Esucomex op"]
[Site "Santiago de Chile"]
[Date "1998.??.??"]
[Round "9"]
[White "Baltazar, Samuel"]
[Black "Guerb, Leonid"]
[Result "0-1"]
[WhiteElo "2065"]
[BlackElo "2255"]
[PlyCount "56"]
[EventDate "1998.??.??"]
[EventType "swiss"]
[EventRounds "9"]
[EventCountry "CHI"]
[SourceTitle "EXT 1999"]
[Source "ChessBase"]
[SourceDate "1998.11.16"]
[SourceVersion "1"]
[SourceVersionDate "1998.11.16"]
[SourceQuality "1"]

1. e4 g6 2. d4 Bg7 3. Nf3 d6 4. g3 Nf6 5. Nc3 0-0 6. Bg2 c5 7. 0-0 cxd4 8. Nxd4 Bg4 9. Qd2 Qb6 10. h3 Bd7 11. Nb3 Rc8 12. Qe2 Na6 13. Be3 Qc7 14. Rac1 Nc5 15. Bxc5 dxc5 16. e5 Ne8 17. Nd5 Qd8 18. Rcd1 c4 19. Nd4 e6 20. Nc3 Rab8 21. Rd2 a6 22. Rdd1 Qb6 23. Nf5 gxf5 24. Rxd7 Qxb2 25. Nd5 exd5 26. Qh5 Qxe5 27. Qxf7+ Kh8 28. Bxd5 Nd6 0-1

[Event "Santiago Esucomex op"]
[Site "Santiago de Chile"]
[Date "1998.??.??"]
[Round "2"]
[White "Baltazar, Samuel"]
[Black "Minzer, Claudio Javier"]
[Result "0-1"]
[WhiteElo "2065"]
[BlackElo "2380"]
[PlyCount "40"]
[EventDate "1998.??.??"]
[EventType "swiss"]
[EventRounds "9"]
[EventCountry "CHI"]
[SourceTitle "EXT 1999"]
[Source "ChessBase"]
[SourceDate "1998.11.16"]
[SourceVersion "1"]
[SourceVersionDate "1998.11.16"]
[SourceQuality "1"]

1. e4 c5 2. Nf3 Nc6 3. d4 cxd4 4. Nxd4 g6 5. Be2 Bg7 6. Be3 Nf6 7. Nc3 0-0 8. Nb3 d6 9. f4 Be6 10. 0-0 Na5 11. Nxa5 Qxa5 12. Qd2 Rfc8 13. Bd4 Nxe4 14. Qe3 Bxd4 15. Qxd4 Nxc3 16. bxc3 Qxc3 17. Qxc3 Rxc3 18. Bd3 Rac8 19. Rae1 Kf8 20. h3 Bf5 0-1